| 000 | 00571nam a2200205Ia 4500 | ||
|---|---|---|---|
| 005 | 20260429112053.0 | ||
| 008 | 260429s9999||||xx |||||||||||||| ||und|| | ||
| 020 | _a9781666871265 | ||
| 041 | _aEnglish | ||
| 082 |
_a658.406 _bSPI |
||
| 100 | _aSpitzer, Steve | ||
| 245 | 0 |
_aRole of leadership in change management / _cSteve Spitzer |
|
| 250 | _a1st ed. | ||
| 260 |
_aWilmington : _bAmerican Academic Publisher, _c2024. |
||
| 300 | _axiv, 331 p.; hb | ||
| 650 | _a Change management | ||
| 650 | _a Organizational behavior | ||
| 650 | _aLeadership | ||
| 942 | _cTB | ||
| 999 |
_c52190 _d52190 |
||